Language Chain Quiz - Statistics

General Stats
  • This quiz has been taken 54 times
  • The average score is 11 of 19
Answer Stats
Hint Answer % Correct
"Wh- question" word that does not start with "wh-" how
86%
Language also known as Cymraeg Welsh
82%
Expression from Swahili: Hakuna... matata
78%
Past participle of "swim" swum
74%
Not a vowel consonant
72%
Animal whose name means "forest person" in Malay orangutan
66%
Nickname for Americans, typically New Englanders Yankee
66%
Part of speech that typically modifies a verb or an adjective adverb
64%
Plural of "oasis" oases
64%
Native American language of about 170,000 speakers Navajo
62%
What people reputedly built in Babylon tower
62%
A direct comparison as a figure of speech (e.g. "Time is a thief.") metaphor
60%
Italian for "Good day." buongiorno
58%
Fantasy languages invented by J.R.R.Tolkien Elvish
56%
A -berry that is not a berry raspberry
50%
The words "you are" in Shakespearian English thou art
50%
The ancient art of persuasion rhetoric
42%
Word that is spelled the same but has a different meaning (e.g. may x May) homograph
30%
The relationship of the word "animal" to "dog", "shark" and "eagle" hypernym
8%
No matching quizzes found
Score Distribution
Percent of People with Each Score
Percentile by Number Answered
Your Score History
You have not taken this quiz